Лазерный синтез функционально-градиентных мезоструктур и объёмных изделий

Dades bibliogràfiques
Autor principal: Шишковский И. В Игорь Владимирович
Sumari:В книге представлено систематическое изложение физических основ процессов послойного селективного лазерного спекания и плавления (СЛС/П) порошковых композиций и синтеза функциональных и градиентных мезоструктур (мезоизделий). Рассмотрены перспективы формирования для российской промышленности нового фундаментального направления лазерной технологии, использующего взаимодействие лазерного излучения с многокомпонентными (в том числе и реакционноспособными) порошковыми композициями с целью послойного синтеза из них объемных функциональных изделий. Поиск новых перспективных порошковых композиций и изучение возможностей объединения нескольких подходов (лазерное спекание или наплавка, самораспространяющийся высокотемпературный синтез или пайка) в один технологический процесс для послойного синтеза объемных изделий — эти составляющие успешного развития метода СЛС/П также изложены в книге.
Idioma:rus
Publicat: Москва, Физматлит, 2009
Matèries:
Format: Llibre
KOHA link:https://koha.lib.tpu.ru/cgi-bin/koha/opac-detail.pl?biblionumber=177037

MARC

LEADER 00000nam0a2200000 4500
001 177037
005 20231101223318.0
010 |a 9785922111225 
035 |a (RuTPU)RU\TPU\book\191943 
090 |a 177037 
100 |a 20100310d2009 km y0rusy50 ca 
101 0 |a rus 
102 |a RU 
105 |a a z 001zy 
200 1 |a Лазерный синтез функционально-градиентных мезоструктур и объёмных изделий  |f И. В Шишковский 
210 |a Москва  |c Физматлит  |d 2009 
215 |a 424 с.  |c ил. 
320 |a Библиогр.: с. 392-421. 
330 |a В книге представлено систематическое изложение физических основ процессов послойного селективного лазерного спекания и плавления (СЛС/П) порошковых композиций и синтеза функциональных и градиентных мезоструктур (мезоизделий). Рассмотрены перспективы формирования для российской промышленности нового фундаментального направления лазерной технологии, использующего взаимодействие лазерного излучения с многокомпонентными (в том числе и реакционноспособными) порошковыми композициями с целью послойного синтеза из них объемных функциональных изделий. Поиск новых перспективных порошковых композиций и изучение возможностей объединения нескольких подходов (лазерное спекание или наплавка, самораспространяющийся высокотемпературный синтез или пайка) в один технологический процесс для послойного синтеза объемных изделий — эти составляющие успешного развития метода СЛС/П также изложены в книге. 
606 1 |a Лазерная технология  |2 stltpush  |3 (RuTPU)RU\TPU\subj\69460  |9 84311 
610 1 |a объемные изделия 
610 1 |a послойный синтез 
610 1 |a лазерная наплавка 
610 1 |a селективное лазерное спекание 
610 1 |a оборудование 
610 1 |a теоретическое моделирование 
610 1 |a металлополимерные порошковые композиции 
610 1 |a биметаллические изделия 
610 1 |a СВС 
610 1 |a самораспространяющийся высокотемпературный синтез 
610 1 |a мезоизделия 
610 1 |a лазерный синтез 
610 1 |a биосовместимые имплантанты 
610 1 |a металлургия 
610 1 |a материаловедение 
610 1 |a порошковая металлургия 
675 |a 621.7.048.7:621.373.826  |v 3 
700 1 |a Шишковский  |b И. В  |g Игорь Владимирович 
801 1 |a RU  |b 63413507  |c 20100310 
801 2 |a RU  |b 63413507  |c 20150701  |g RCR 
942 |c BK 
959 |a 13/20100310  |d 1  |e 440,00  |f ЧЗТЛ:1